La participación obrera en la gestión de las empresas agropecuarias del APP: la experiencia en la Revolución Popular Sadinista

Salvato in:
Dettagli Bibliografici
Autore principale: Ortega, Marvin
Natura: testo
Pubblicazione: Managua: Asociación Salvadoreña de Cientistas Sociales
Tags: Aggiungi Tag
Nessun Tag, puoi essere il primo ad aggiungerne!!

MARC

LEADER 00000 a a2200000 04500
001 21384
003
040
090 |a 094000  
100 |a Ortega, Marvin  
245 |a La participación obrera en la gestión de las empresas agropecuarias del APP: la experiencia en la Revolución Popular Sadinista  
260 |a Managua:   |b Asociación Salvadoreña de Cientistas Sociales  
300 |a 19 p.  
999 |c 2669  |d 2669